| 000 | 00733nam a2200229 a 4500 | ||
|---|---|---|---|
| 999 |
_c11311 _d11311 |
||
| 001 | 11311 | ||
| 003 | BD-JhCC | ||
| 005 | 20210329134019.0 | ||
| 008 | 190624s20082019bg a|||| ||a| 000 0 ben d | ||
| 020 | _a9847016200403 | ||
| 035 | _a(BD-JhCC)11311 | ||
| 040 |
_aBD-JhCC _dBD-JhCC |
||
| 041 | _aben | ||
| 082 |
_a891.4435 _bIQB 2019 |
||
| 100 | _aইকবাল, মুহম্মদ জাফর | ||
| 245 |
_aরতন / _cমুহম্মদ জাফর ইকবাল । |
||
| 260 |
_aঢাকা: _bপার্ল পাবলিকেশন্স; _c২০১৯. |
||
| 300 |
_a২০ পৃ. : _bill; _c২৬ সেমি. |
||
| 650 |
_aShorts Story _zBengali |
||
| 942 |
_2ddc _cBK _02 |
||